| 000 | 02887cam a22011534i 4500 | ||
|---|---|---|---|
| 003 | PE-LiUPU | ||
| 005 | 20250813185339.0 | ||
| 008 | 150625s r 000 0 d | ||
| 035 | _a(Sirsi) a164328 | ||
| 040 |
_aPE-LiUPU _bspa _cPE-LiUPU _erda |
||
| 082 | 0 | 4 |
_a371.5 _bC25 _221 |
| 100 | 1 |
_aCanfield, Jack, _eautor. |
|
| 245 | 1 | 0 |
_aAtrévete a ganar / _cJack Canfield, Mark Victor Hansen. |
| 264 | 1 |
_aEspaña : _bGrupo zeta, _e1998. |
|
| 300 |
_a267 páginas; _c23 centímetros. |
||
| 336 |
_atext _2rdacontent |
||
| 337 |
_aunmediated _2rdamedia |
||
| 338 |
_avolume _2rdacarrier |
||
| 505 | 0 | _aLos problemas son oportunidades disfrazadas -- Expandir la imaginación acerca de lo que es posible -- Concentrar la energía -- Afirmarse a si mismo -- La vida es un acto de equilibrio -- Se puede hacer con amor -- La dicha del matrimonio y la familia -- El logro de la prosperidad total -- Lo que importa son las personas que conocemos -- Fortalecer la mente -- El despertar del yo espiritual. | |
| 526 | _aP202 | ||
| 526 | _aP201 | ||
| 526 | _aP163 | ||
| 526 | _aP162 | ||
| 526 | _aP161 | ||
| 526 | _aP160 | ||
| 526 | _aP148 | ||
| 526 | _aP147 | ||
| 526 | _aP146 | ||
| 526 | _aP145 | ||
| 526 | _aP144 | ||
| 526 | _aP143 | ||
| 526 | _aP142 | ||
| 526 | _aP141 | ||
| 526 | _aP140 | ||
| 526 | _aP139 | ||
| 526 | _aP138 | ||
| 526 | _aP137 | ||
| 526 | _aP136 | ||
| 526 | _aP135 | ||
| 526 | _aP134 | ||
| 526 | _aP133 | ||
| 526 | _aP129 | ||
| 526 | _aP128 | ||
| 526 | _aP127 | ||
| 526 | _aP120 | ||
| 526 | _aP119 | ||
| 526 | _aP118 | ||
| 526 | _aP116 | ||
| 526 | _aP115 | ||
| 526 | _aP114 | ||
| 526 | _aP110 | ||
| 526 | _aP109 | ||
| 526 | _aP108 | ||
| 526 | _aP104 | ||
| 526 | _aP103 | ||
| 526 | _aP102 | ||
| 526 | _aP99 | ||
| 526 | _aP98 | ||
| 526 | _aP97 | ||
| 526 | _aP96 | ||
| 526 | _aP95 | ||
| 526 | _aP93 | ||
| 526 | _aP90 | ||
| 526 | _aP89 | ||
| 526 | _aP88 | ||
| 526 | _aP83 | ||
| 526 | _aP82 | ||
| 526 | _aP62 | ||
| 526 | _aP59 | ||
| 526 | _aP58 | ||
| 526 | _aP57 | ||
| 526 | _aP51 | ||
| 526 | _aP49 | ||
| 526 | _aP48 | ||
| 526 | _aP47 | ||
| 526 | _aP29 | ||
| 526 | _aP24 | ||
| 526 | _aP20 | ||
| 526 | _aP19 | ||
| 526 | _aP17 | ||
| 526 | _aP15 | ||
| 526 | _aP14 | ||
| 526 | _aP12 | ||
| 526 | _aP10 | ||
| 526 | _aP09 | ||
| 526 | _aP08 | ||
| 526 | _aP07 | ||
| 526 | _aP06 | ||
| 526 | _aP05 | ||
| 526 | _aP04 | ||
| 526 | _aP01 | ||
| 650 | 1 | 4 | _aAutorrealización (Psicología). |
| 650 | 2 | 4 |
_aÉxito _xAspectos psicológicos. _95209 |
| 910 | _a | ||
| 596 | _a1 | ||
| 942 |
_2ddc _cBOOK |
||
| 999 |
_a371.5 C25 _wDEWEY _c13157 _i75264 _d13157 _f2021-11-8 _g5 _lCCODEBUL1 _mBUL _q2 _r0 _sY _tBOOK _u2016-10-17 _xEDUCACION _zUNKNOWN _0COMPRA _o.STAFF. Colección FACIHED |
||
| 980 |
_81 _gALBERTO SANCHEZ Responsable de Automatización |
||